000 00418nam a22001697a 4500
005 20180227170730.0
008 160615b xxu||||| |||| 00| 0 eng d
020 _a0-7069-8942-2
041 _aeng
082 _b7762
_a332
100 _aVarma, M.L.
_91985
245 _aInternational Trade
260 _aNew Delhi
_bVikas Publishing House (P) Ltd.
_c2004
300 _a281
650 _aManagement
_9241
942 _cBK
999 _c2776
_d2775